[Event "HUN-chT2 Breyer 0809"]
[Site "Hungary"]
[Date "2009.03.08"]
[Round "9"]
[White "Varga, Karoly"]
[Black "Sarok, Peter"]
[Result "0-1"]
[WhiteElo "2030"]
[BlackElo "2183"]
[PlyCount "70"]
[EventDate "2008.10.26"]
[EventType "team-tourn"]
[EventRounds "11"]
[EventCountry "HUN"]
[SourceTitle "EXT 2010"]
[Source "ChessBase"]
[SourceDate "2010.11.25"]
[SourceVersion "1"]
[SourceVersionDate "2010.11.25"]
[SourceQuality "1"]
[WhiteTeam "Dunaharaszti II"]
[BlackTeam "Kisber Aszar"]
[WhiteTeamCountry "HUN"]
[BlackTeamCountry "HUN"]

1. c4 e6 2. e4 d5 3. cxd5 exd5 4. exd5 Nf6 5. Nc3 Nbd7 6. Nf3 Nb6 7. Bb5+ Bd7 8. Qe2+ Be7 9. 0-0 0-0 10. d4 Nbxd5 11. Ne5 Bxb5 12. Qxb5 Rb8 13. Bg5 c6 14. Qa4 a6 15. Rfe1 Re8 16. Qc4 Rc8 17. Rad1 h6 18. Bh4 Nh5 19. Bxe7 Rxe7 20. g3 Nhf6 21. f3 Qa5 22. Ne4 Rd8 23. a3 Qb6 24. Nd3 Rde8 25. Nxf6+ Nxf6 26. b4 Nd5 27. Rxe7 Rxe7 28. Re1 Rxe1+ 29. Nxe1 a5 30. Nd3 axb4 31. axb4 Qa7 32. h4 Qa1+ 33. Kf2 Qh1 34. Ne1 Qh2+ 35. Ng2 Qxg2+ 0-1

[Event "HUN-chT2 Breyer 0809"]
[Site "Hungary"]
[Date "2009.01.25"]
[Round "6"]
[White "Novak, Attila Robert"]
[Black "Varga, Karoly"]
[Result "1-0"]
[WhiteElo "1968"]
[BlackElo "2030"]
[PlyCount "113"]
[EventDate "2008.10.26"]
[EventType "team-tourn"]
[EventRounds "11"]
[EventCountry "HUN"]
[SourceTitle "EXT 2010"]
[Source "ChessBase"]
[SourceDate "2010.11.25"]
[SourceVersion "1"]
[SourceVersionDate "2010.11.25"]
[SourceQuality "1"]
[WhiteTeam "Balatonfuered"]
[BlackTeam "Dunaharaszti II"]
[WhiteTeamCountry "HUN"]
[BlackTeamCountry "HUN"]

1. d4 g6 2. c4 Bg7 3. Nc3 d6 4. e4 Nd7 5. Be3 e5 6. d5 Ne7 7. Bd3 c5 8. Qd2 0-0 9. Nb5 Nf6 10. Bh6 a6 11. Nc3 Bd7 12. Nge2 b5 13. f3 b4 14. Nd1 Nc8 15. Nf2 Ne8 16. g4 f6 17. h4 Qe7 18. 0-0-0 Bxh6 19. Qxh6 Qg7 20. Qe3 a5 21. Rdg1 a4 22. g5 f5 23. exf5 gxf5 24. g6 h6 25. Qd2 a3 26. h5 axb2+ 27. Qxb2 Nb6 28. Nd1 Nf6 29. Ng3 e4 30. fxe4 fxe4 31. Nxe4 Nxe4 32. Qxg7+ Kxg7 33. Bxe4 Nxc4 34. Rf1 Ne5 35. Kb1 Bb5 36. Rxf8 Rxf8 37. Ne3 Bd3+ 38. Bxd3 Nxd3 39. Nc4 Nf4 40. Nxd6 Nxd5 41. Re1 Rf2 42. Re5 Nc3+ 43. Kc1 Nxa2+ 44. Kd1 Nc3+ 45. Ke1 Rg2 46. Kf1 Rg5 47. Rxg5 hxg5 48. Nf5+ Kh8 49. h6 Nd5 50. Nd6 b3 51. Nf7+ Kg8 52. h7+ Kg7 53. h8Q+ Kxg6 54. Qg8+ Kf5 55. Qxg5+ Ke4 56. Nd6+ Kd4 57. Qd2+ 1-0

[Event "HUN-chT2 Breyer 0809"]
[Site "Hungary"]
[Date "2009.01.11"]
[Round "5"]
[White "Martin, Bela"]
[Black "Varga, Karoly"]
[Result "1/2-1/2"]
[WhiteElo "2035"]
[BlackElo "2030"]
[PlyCount "98"]
[EventDate "2008.10.26"]
[EventType "team-tourn"]
[EventRounds "11"]
[EventCountry "HUN"]
[SourceTitle "EXT 2010"]
[Source "ChessBase"]
[SourceDate "2010.11.25"]
[SourceVersion "1"]
[SourceVersionDate "2010.11.25"]
[SourceQuality "1"]
[WhiteTeam "BEAC II"]
[BlackTeam "Dunaharaszti II"]
[WhiteTeamCountry "HUN"]
[BlackTeamCountry "HUN"]

1. e4 g6 2. d4 Bg7 3. Nc3 d6 4. Be3 Nd7 5. Qd2 e5 6. 0-0-0 exd4 7. Bxd4 Bxd4 8. Qxd4 Qf6 9. Qe3 Nb6 10. f4 Ne7 11. Nb5 0-0 12. Nxc7 Bg4 13. Nxa8 Bxd1 14. Nxb6 axb6 15. Kxd1 Qxb2 16. Bd3 Re8 17. Nf3 Nd5 18. Qd4 Qb1+ 19. Kd2 Qxh1 20. Qxd5 Qxg2+ 21. Be2 Qg4 22. Ke3 Qc8 23. Bc4 Qc5+ 24. Kd3 Re7 25. Qxc5 bxc5 26. a4 b6 27. Ng5 Kg7 28. Nxf7 Ra7 29. Nxd6 Rxa4 30. e5 Kf8 31. e6 Rb4 32. Nb5 Ke7 33. Nc3 Kd6 34. Ne4+ Ke7 35. c3 Rb2 36. Ng5 Rxh2 37. Nf3 Rb2 38. Ne5 b5 39. Bd5 Rb1 40. Nc6+ Kd6 41. e7 Re1 42. Kd2 Rxe7 43. Nxe7 Kxe7 44. Ke3 Kf6 45. Be4 h5 46. Bd3 b4 47. cxb4 cxb4 48. Bc2 g5 49. fxg5+ Kxg5 1/2-1/2

[Event "HUN-chT2 Erkel 0708"]
[Site "Hungary"]
[Date "2008.05.18"]
[Round "11"]
[White "Nagy, Karoly"]
[Black "Varga, Karoly"]
[Result "0-1"]
[WhiteElo "2157"]
[BlackElo "2014"]
[PlyCount "94"]
[EventDate "2007.10.14"]
[EventType "team"]
[EventRounds "11"]
[EventCountry "HUN"]
[SourceTitle "EXT 2009"]
[Source "ChessBase"]
[SourceDate "2008.11.26"]
[SourceVersion "1"]
[SourceVersionDate "2008.11.26"]
[SourceQuality "1"]
[WhiteTeam "Jaszbereny"]
[BlackTeam "Dunaharaszti II"]
[WhiteTeamCountry "HUN"]
[BlackTeamCountry "HUN"]

1. e4 g6 2. f4 Bg7 3. Nf3 d6 4. Bc4 e6 5. Bb3 c5 6. 0-0 Nc6 7. c3 b5 8. d4 c4 9. Bc2 Bb7 10. Be3 d5 11. exd5 Qxd5 12. Qe2 f5 13. Nbd2 Nf6 14. Kh1 0-0 15. b3 Na5 16. bxc4 bxc4 17. Rab1 Rfb8 18. Bg1 Ba6 19. Rfe1 Rxb1 20. Rxb1 Qd6 21. Ba4 Nd5 22. Rc1 Nxf4 23. Qf1 Rb8 24. g3 Nd5 25. Qe1 Rb2 26. a3 Bh6 27. h4 Bb7 28. Kh2 Nf6 29. Kh3 Ng4 30. Ng5 Bxg5 31. hxg5 Qd5 32. Qe2 Kf7 33. Rd1 h6 34. gxh6 g5 35. h7 Qd8 36. Be3 Qh8 37. Bxg5 Qxh7+ 38. Bh4 Bd5 39. Qf1 Qh6 40. Qf4 Qxf4 41. gxf4 Ne3 42. Re1 Ng2 43. Rd1 Nxf4+ 44. Kg3 Ne2+ 45. Kh3 Nxc3 46. Rc1 Rxd2 47. Bd7 Rxd4 0-1

[Event "HUN-chT2 Erkel 0708"]
[Site "Hungary"]
[Date "2008.03.30"]
[Round "9"]
[White "Varga, Karoly"]
[Black "Molnar, Laszlo"]
[Result "0-1"]
[WhiteElo "2014"]
[BlackElo "2187"]
[PlyCount "106"]
[EventDate "2007.10.14"]
[EventType "team"]
[EventRounds "11"]
[EventCountry "HUN"]
[SourceTitle "EXT 2009"]
[Source "ChessBase"]
[SourceDate "2008.11.26"]
[SourceVersion "1"]
[SourceVersionDate "2008.11.26"]
[SourceQuality "1"]
[WhiteTeam "Dunaharaszti II"]
[BlackTeam "Keviterv"]
[WhiteTeamCountry "HUN"]
[BlackTeamCountry "HUN"]

1. e4 d6 2. d4 g6 3. Nc3 Bg7 4. Be3 Nf6 5. f3 0-0 6. Qd2 e5 7. d5 Nh5 8. 0-0-0 f5 9. Be2 Nf4 10. g3 Nxe2+ 11. Ngxe2 a6 12. h4 b5 13. h5 b4 14. Nb1 a5 15. hxg6 hxg6 16. Bh6 Qe7 17. Rh2 Nd7 18. Rdh1 Nf6 19. Qg5 Qf7 20. Bxg7 Qxg7 21. Nd2 Bd7 22. Rh6 Kf7 23. c4 Rh8 24. Kc2 Rxh6 25. Rxh6 Rh8 26. Rxh8 Qxh8 27. Qe3 Qb8 28. c5 Qa7 29. Nc4 Bb5 30. b3 fxe4 31. fxe4 Bxc4 32. bxc4 a4 33. Kd3 Qxc5 34. Qxc5 dxc5 35. Ke3 Ne8 36. Kd3 Nd6 37. Ng1 Nxe4 38. Nf3 Nf2+ 39. Ke2 Ng4 40. Ng5+ Ke7 41. Ne4 b3 42. axb3 axb3 43. Kd3 b2 44. Kc2 Ne3+ 45. Kxb2 Nxc4+ 46. Kc3 Ne3 47. Nxc5 Nxd5+ 48. Kc4 Ne3+ 49. Kd3 Nf5 50. g4 Nh6 51. g5 Nf7 52. Ne4 Ke6 53. Ke3 Kf5 0-1

[Event "HUN-chT2 Erkel 0708"]
[Site "Hungary"]
[Date "2008.03.16"]
[Round "8"]
[White "Varga, Karoly"]
[Black "Mullner, Imre"]
[Result "0-1"]
[WhiteElo "2014"]
[BlackElo "2210"]
[PlyCount "92"]
[EventDate "2007.10.14"]
[EventType "team"]
[EventRounds "11"]
[EventCountry "HUN"]
[SourceTitle "EXT 2009"]
[Source "ChessBase"]
[SourceDate "2008.11.26"]
[SourceVersion "1"]
[SourceVersionDate "2008.11.26"]
[SourceQuality "1"]
[WhiteTeam "Dunaharaszti II"]
[BlackTeam "Statisztika II"]
[WhiteTeamCountry "HUN"]
[BlackTeamCountry "HUN"]

1. c4 Nf6 2. g3 c5 3. Bg2 Nc6 4. Nc3 e6 5. e4 d6 6. Nge2 Nd4 7. 0-0 Be7 8. d3 0-0 9. f4 Qc7 10. h3 a6 11. a4 Nd7 12. Nxd4 cxd4 13. Ne2 e5 14. f5 Qd8 15. b4 Bg5 16. h4 Bf6 17. a5 Ra7 18. Bd2 b6 19. axb6 Qxb6 20. Bf3 Bb7 21. Kg2 Qd8 22. Rh1 g6 23. Bh6 Re8 24. fxg6 fxg6 25. Qd2 Nf8 26. g4 Bc8 27. b5 Ne6 28. g5 Bg7 29. Bxg7 Kxg7 30. Bg4 Nc5 31. Bxc8 Qxc8 32. Qd1 Rf8 33. Ng3 Raf7 34. Ra2 axb5 35. cxb5 Qe6 36. Rb2 Rf4 37. b6 Qd7 38. h5 Na4 39. hxg6 hxg6 40. Nf5+ R8xf5 41. exf5 Nxb2 42. f6+ Kg8 43. Qb3+ d5 44. Rh3 Qg4+ 45. Rg3 Qe2+ 46. Kh3 Rh4+ 0-1

[Event "HUN-chT2 Erkel 0708"]
[Site "Hungary"]
[Date "2008.03.02"]
[Round "7"]
[White "Varga, Karoly"]
[Black "Szlabey, Geza"]
[Result "1-0"]
[WhiteElo "2014"]
[BlackElo "2132"]
[PlyCount "79"]
[EventDate "2007.10.14"]
[EventType "team"]
[EventRounds "11"]
[EventCountry "HUN"]
[SourceTitle "EXT 2009"]
[Source "ChessBase"]
[SourceDate "2008.11.26"]
[SourceVersion "1"]
[SourceVersionDate "2008.11.26"]
[SourceQuality "1"]
[WhiteTeam "Dunaharaszti II"]
[BlackTeam "Foti"]
[WhiteTeamCountry "HUN"]
[BlackTeamCountry "HUN"]

1. c4 f5 2. d4 e6 3. Nc3 d5 4. Nf3 c6 5. e3 Bd6 6. c5 Bc7 7. b4 Nf6 8. a4 Nbd7 9. Be2 0-0 10. 0-0 Ne4 11. Bd2 Rf6 12. g3 Rh6 13. Ne1 g5 14. Nxe4 dxe4 15. f4 gxf4 16. exf4 Nf6 17. Ng2 Qxd4+ 18. Be3 Qxd1 19. Rfxd1 Nd5 20. b5 Rg6 21. Bd4 Bd7 22. Kf2 Rd8 23. Ne3 Nxe3 24. Kxe3 Rh6 25. h4 Rg6 26. Kf2 Kf8 27. b6 axb6 28. cxb6 Bd6 29. h5 Rg8 30. a5 Ke7 31. a6 bxa6 32. Rxa6 c5 33. Bc3 Bb8 34. b7 Bc7 35. Bc4 e3+ 36. Kf3 Rg4 37. Rxd7+ Rxd7 38. Rxe6+ Kf8 39. Rf6+ Ke7 40. Rxf5 1-0

[Event "HUN-chT2 Erkel 0607"]
[Site "Hungary"]
[Date "2006.11.12"]
[Round "1"]
[White "Kardon, Zoltan"]
[Black "Varga, Karoly"]
[Result "1-0"]
[WhiteElo "2222"]
[BlackElo "2104"]
[PlyCount "23"]
[EventDate "2006.11.12"]
[EventType "team"]
[EventRounds "11"]
[EventCountry "HUN"]
[SourceTitle "EXT 2008"]
[Source "ChessBase"]
[SourceDate "2007.11.25"]
[SourceVersion "1"]
[SourceVersionDate "2007.11.25"]
[SourceQuality "1"]
[WhiteTeam "Hobagoly"]
[BlackTeam "Dunaharaszti II"]
[WhiteTeamCountry "HUN"]
[BlackTeamCountry "HUN"]

1. d4 d5 2. Nf3 Nf6 3. Bf4 Bf5 4. c3 c6 5. Nbd2 e6 6. e3 Nh5 7. Bg5 f6 8. Bh4 h6 9. Ne5 g5 10. Qxh5+ Ke7 11. Qf7+ Kd6 12. Qxb7 1-0

[Event "Budapest FS08 FM-A"]
[Site "Budapest"]
[Date "2006.08.17"]
[Round "13"]
[White "Varga, Karoly"]
[Black "Balogh, Laszlo"]
[Result "0-1"]
[WhiteElo "2104"]
[BlackElo "2200"]
[PlyCount "54"]
[EventDate "2006.08.05"]
[EventType "tourn"]
[EventRounds "13"]
[EventCountry "HUN"]
[SourceTitle "CBM 113 Extra"]
[Source "ChessBase"]
[SourceDate "2006.09.14"]
[SourceVersion "1"]
[SourceVersionDate "2006.09.14"]
[SourceQuality "1"]

1. c4 e6 2. e4 d5 3. cxd5 exd5 4. exd5 Nf6 5. Nc3 Be7 6. Bc4 0-0 7. Nf3 Bg4 8. 0-0 Nbd7 9. h3 Bh5 10. g4 Bg6 11. Nh4 Nb6 12. Nxg6 hxg6 13. Qb3 Nxc4 14. Qxc4 Ne8 15. d3 Nd6 16. Qf4 Qd7 17. Be3 g5 18. Qa4 b5 19. Qb3 f5 20. f3 a5 21. a4 b4 22. Ne2 Bf6 23. Bd4 Rae8 24. Bxf6 Rxe2 25. Bxg5 Nf7 26. Bh4 Qd6 27. Rae1 Qh2# 0-1

[Event "Budapest FS08 FM-A"]
[Site "Budapest"]
[Date "2006.08.15"]
[Round "11"]
[White "Varga, Karoly"]
[Black "Lubbe, Melanie"]
[Result "0-1"]
[WhiteElo "2104"]
[BlackElo "2123"]
[PlyCount "104"]
[EventDate "2006.08.05"]
[EventType "tourn"]
[EventRounds "13"]
[EventCountry "HUN"]
[SourceTitle "CBM 113 Extra"]
[Source "ChessBase"]
[SourceDate "2006.09.14"]
[SourceVersion "1"]
[SourceVersionDate "2006.09.14"]
[SourceQuality "1"]

1. c4 c5 2. Nc3 Nc6 3. g3 g6 4. Bg2 Bg7 5. a3 d6 6. e3 e5 7. Nge2 Nge7 8. 0-0 0-0 9. Rb1 Be6 10. Nd5 Qd7 11. b4 Nd8 12. Nec3 f5 13. f4 Rc8 14. b5 e4 15. d3 Nxd5 16. Nxd5 Bxd5 17. cxd5 exd3 18. Qxd3 c4 19. Qc2 b6 20. a4 Nb7 21. Ba3 Rfe8 22. Rfe1 Nc5 23. Bf1 Ne4 24. Bb4 c3 25. Rbc1 Qb7 26. Red1 Re7 27. Bg2 Qc7 28. Bxe4 Rxe4 29. Rb1 Rxe3 30. Rb3 Qe7 31. Rc1 Re2 32. Qd3 Rd2 33. Qxd2 cxd2 34. Rxc8+ Kf7 35. Bxd2 Bd4+ 36. Kf1 Qe4 37. Rc7+ Ke8 38. h4 Qxd5 39. Rd3 Qe4 40. Rb3 Bc5 41. Rc3 d5 42. Rxa7 d4 43. Rxc5 bxc5 44. b6 Qb1+ 45. Ke2 Qxb6 46. Rxh7 Qa6+ 47. Ke1 Qxa4 48. h5 gxh5 49. Rxh5 Qb3 50. Kf2 Qc2 51. Ke1 c4 52. g4 c3 0-1

[Event "Budapest FS08 FM-A"]
[Site "Budapest"]
[Date "2006.08.14"]
[Round "10"]
[White "Juhasz, Mark"]
[Black "Varga, Karoly"]
[Result "1-0"]
[WhiteElo "2169"]
[BlackElo "2104"]
[PlyCount "21"]
[EventDate "2006.08.05"]
[EventType "tourn"]
[EventRounds "13"]
[EventCountry "HUN"]
[SourceTitle "CBM 113 Extra"]
[Source "ChessBase"]
[SourceDate "2006.09.14"]
[SourceVersion "1"]
[SourceVersionDate "2006.09.14"]
[SourceQuality "1"]

1. c4 c5 2. g3 Nc6 3. Bg2 g6 4. Nc3 Bg7 5. a3 e6 6. b4 cxb4 7. axb4 Nxb4 8. Ba3 Nc6 9. Nb5 Nge7 10. Bd6 0-0 11. Bc7 1-0

[Event "Budapest FS08 FM-A"]
[Site "Budapest"]
[Date "2006.08.11"]
[Round "7"]
[White "Varga, Karoly"]
[Black "Szabo, Bence"]
[Result "1/2-1/2"]
[WhiteElo "2104"]
[BlackElo "2040"]
[PlyCount "70"]
[EventDate "2006.08.05"]
[EventType "tourn"]
[EventRounds "13"]
[EventCountry "HUN"]
[SourceTitle "CBM 113 Extra"]
[Source "ChessBase"]
[SourceDate "2006.09.14"]
[SourceVersion "1"]
[SourceVersionDate "2006.09.14"]
[SourceQuality "1"]

1. e4 c5 2. c4 Nc6 3. Nc3 e6 4. g3 g6 5. Bg2 Bg7 6. Nge2 Nge7 7. 0-0 d6 8. d3 0-0 9. Be3 Nd4 10. Qd2 Re8 11. f4 Nec6 12. h3 Qa5 13. Rae1 a6 14. Kh2 Rb8 15. g4 Nxe2 16. Rxe2 Nd4 17. Ref2 f5 18. a3 Bd7 19. Nb1 Qd8 20. b4 fxg4 21. hxg4 Qh4+ 22. Bh3 g5 23. fxg5 Be5+ 24. Bf4 Qxg5 25. Bxe5 Qxe5+ 26. Qf4 Qxf4+ 27. Rxf4 b6 28. Rf7 Rbd8 29. Kg3 Rf8 30. Rxf8+ Rxf8 31. Rxf8+ Kxf8 32. bxc5 bxc5 33. Nc3 Bc6 34. g5 Kf7 35. Bg4 Kg6 1/2-1/2

[Event "Budapest FS08 FM-A"]
[Site "Budapest"]
[Date "2006.08.07"]
[Round "3"]
[White "Varga, Karoly"]
[Black "Fekete, Jozsef"]
[Result "0-1"]
[WhiteElo "2104"]
[BlackElo "2193"]
[PlyCount "28"]
[EventDate "2006.08.05"]
[EventType "tourn"]
[EventRounds "13"]
[EventCountry "HUN"]
[SourceTitle "CBM 113 Extra"]
[Source "ChessBase"]
[SourceDate "2006.09.14"]
[SourceVersion "1"]
[SourceVersionDate "2006.09.14"]
[SourceQuality "1"]

1. d4 d6 2. e4 g6 3. Be3 Bg7 4. Be2 Nc6 5. Nc3 e5 6. Nf3 Bg4 7. d5 Nce7 8. Qd2 Bxf3 9. Bxf3 f5 10. Bg5 Nf6 11. Bh6 0-0 12. 0-0-0 Bxh6 13. Qxh6 fxe4 14. Bxe4 Ng4 0-1

[Event "Budapest FS07 FM-A"]
[Site "Budapest"]
[Date "2006.07.10"]
[Round "10"]
[White "Varga, Karoly"]
[Black "Pang, Noah"]
[Result "0-1"]
[WhiteElo "2104"]
[BlackElo "2108"]
[PlyCount "80"]
[EventDate "2006.07.01"]
[EventType "tourn"]
[EventRounds "11"]
[EventCountry "HUN"]
[SourceTitle "CBM 113 Extra"]
[Source "ChessBase"]
[SourceDate "2006.09.14"]
[SourceVersion "1"]
[SourceVersionDate "2006.09.14"]
[SourceQuality "1"]

1. c4 e5 2. Nc3 Nf6 3. g3 c6 4. e4 d5 5. exd5 cxd5 6. cxd5 Nxd5 7. Nxd5 Qxd5 8. Nf3 e4 9. Nh4 e3 10. Bg2 exf2+ 11. Kf1 Qd3+ 12. Qe2+ Qxe2+ 13. Kxe2 Bc5 14. Rd1 Nc6 15. Bxc6+ bxc6 16. d4 Bg4+ 17. Nf3 Bxf3+ 18. Kxf3 Bxd4 19. Rb1 0-0-0 20. Be3 Bxe3 21. Kxe3 Rxd1 22. Rxd1 Re8+ 23. Kxf2 Rd8 24. Rxd8+ Kxd8 25. Ke3 Ke7 26. h4 f5 27. b4 Ke6 28. Kd4 Kd6 29. a4 g6 30. b5 cxb5 31. axb5 h6 32. Ke3 Kc5 33. Kf4 Kxb5 34. h5 gxh5 35. Kxf5 a5 36. Kg6 a4 37. Kxh5 a3 38. Kxh6 a2 39. g4 a1Q 40. g5 Qh8+ 0-1

[Event "Budapest FS07 FM-A"]
[Site "Budapest"]
[Date "2006.07.08"]
[Round "8"]
[White "Trajber, Csaba"]
[Black "Varga, Karoly"]
[Result "0-1"]
[WhiteElo "2051"]
[BlackElo "2104"]
[PlyCount "70"]
[EventDate "2006.07.01"]
[EventType "tourn"]
[EventRounds "11"]
[EventCountry "HUN"]
[SourceTitle "CBM 113 Extra"]
[Source "ChessBase"]
[SourceDate "2006.09.14"]
[SourceVersion "1"]
[SourceVersionDate "2006.09.14"]
[SourceQuality "1"]

1. e4 e5 2. Nf3 Nc6 3. d4 exd4 4. Nxd4 Bc5 5. Be3 Nxd4 6. Bxd4 Bxd4 7. Qxd4 Qf6 8. e5 Qb6 9. Qc3 Ne7 10. Bc4 0-0 11. Nd2 Qc6 12. Qg3 d5 13. Bd3 Bf5 14. 0-0-0 Rfd8 15. Nf3 a5 16. Qg5 Bxd3 17. Rxd3 Ng6 18. Kb1 Qe6 19. Re1 c5 20. h4 h6 21. Qg3 a4 22. h5 Ne7 23. Nh4 d4 24. f4 Nf5 25. Nxf5 Qxf5 26. Qf3 c4 27. g4 Qe6 28. Rdd1 Qb6 29. Ka1 a3 30. Rb1 axb2+ 31. Rxb2 Qa5 32. c3 dxc3 33. Rc2 Rd2 34. Qe4 Qa4 35. Rf1 Qxa2+ 0-1

[Event "HUN-chT2 Erkel 0304"]
[Site "Hungary"]
[Date "2003.11.16"]
[Round "3"]
[White "Varga, Karoly"]
[Black "Bali, Janos"]
[Result "0-1"]
[WhiteElo "2148"]
[BlackElo "2307"]
[PlyCount "92"]
[EventDate "2003.09.28"]
[EventType "team"]
[EventRounds "11"]
[EventCountry "HUN"]
[SourceTitle "EXT 2009"]
[Source "ChessBase"]
[SourceDate "2008.11.26"]
[SourceVersion "1"]
[SourceVersionDate "2008.11.26"]
[SourceQuality "1"]
[WhiteTeam "Dunaharaszti II"]
[BlackTeam "Fuzesabony"]
[WhiteTeamCountry "HUN"]
[BlackTeamCountry "HUN"]

1. e4 d6 2. g3 e5 3. Bg2 Nc6 4. Ne2 h5 5. d4 h4 6. Nbc3 g6 7. d5 Nce7 8. Be3 c5 9. Qd2 Bd7 10. 0-0-0 b5 11. f4 b4 12. Nb1 Nc8 13. Rhf1 Nb6 14. b3 h3 15. Bf3 Bg7 16. fxe5 Bxe5 17. Bf4 Qf6 18. Bxe5 Qxe5 19. Qf4 g5 20. Qxe5+ dxe5 21. Ng1 g4 22. Be2 Rh6 23. a4 bxa3 24. Nxa3 Nf6 25. Bd3 Ke7 26. Ne2 Ne8 27. Nc4 Nxc4 28. Bxc4 Nd6 29. Bd3 c4 30. bxc4 Rc8 31. Kd2 Nxc4+ 32. Bxc4 Rxc4 33. Nc3 Rh8 34. Ra1 Rhc8 35. Ra3 a5 36. Rfa1 f5 37. exf5 Bxf5 38. R1a2 a4 39. Nxa4 Rxc2+ 40. Ke3 Kd6 41. Nb6 R8c3+ 42. Rxc3 Rxc3+ 43. Ke2 Bd3+ 44. Kd2 Rb3 45. Na4 Bc4 46. Nc3 Rxc3 0-1

[Event "HUN-chT2 Breyer 0203"]
[Site "Hungary"]
[Date "2003.02.16"]
[Round "7"]
[White "Forgacs, Attila"]
[Black "Varga, Karoly"]
[Result "1-0"]
[WhiteElo "2145"]
[BlackElo "2176"]
[PlyCount "53"]
[EventDate "2002.09.22"]
[EventType "team"]
[EventRounds "11"]
[EventCountry "HUN"]
[SourceTitle "EXT 2009"]
[Source "ChessBase"]
[SourceDate "2008.11.26"]
[SourceVersion "1"]
[SourceVersionDate "2008.11.26"]
[SourceQuality "1"]

1. e4 g6 2. d4 Bg7 3. Nc3 d6 4. Be3 Nd7 5. Qd2 e5 6. f3 f5 7. exf5 gxf5 8. dxe5 Nxe5 9. 0-0-0 Nf6 10. Bd4 Be6 11. Re1 Kf7 12. f4 Nc6 13. Nf3 h6 14. Rxe6 Kxe6 15. Bc4+ Kd7 16. Qd3 Ne7 17. Re1 c6 18. Be6+ Kc7 19. Ne5 Qf8 20. Nf7 Rh7 21. Bxf6 Bxf6 22. Qxd6+ Kb6 23. Na4+ Ka5 24. b4+ Kxa4 25. Bb3+ Kb5 26. Qc5+ Ka6 27. Qa5# 1-0

[Event "HUN-chT2 Breyer 0203"]
[Site "Hungary"]
[Date "2003.01.19"]
[Round "5"]
[White "Szalanczy, Emil"]
[Black "Varga, Karoly"]
[Result "1-0"]
[WhiteElo "2360"]
[BlackElo "2173"]
[PlyCount "43"]
[EventDate "2002.09.22"]
[EventType "team"]
[EventRounds "11"]
[EventCountry "HUN"]
[SourceTitle "EXT 2009"]
[Source "ChessBase"]
[SourceDate "2008.11.26"]
[SourceVersion "1"]
[SourceVersionDate "2008.11.26"]
[SourceQuality "1"]

1. e4 c5 2. Nf3 Nc6 3. d4 cxd4 4. Nxd4 g6 5. c4 Bg7 6. Be3 d6 7. Nc3 Nf6 8. Be2 0-0 9. 0-0 Bd7 10. Rc1 a6 11. Qd2 Ng4 12. Bxg4 Bxg4 13. Nd5 Nxd4 14. Bxd4 b5 15. Bb6 Qd7 16. cxb5 e6 17. Nc7 Rab8 18. Ba7 Rb7 19. b6 e5 20. b3 Be6 21. Rfd1 Rd8 22. Qa5 1-0

[Event "Gyongyos Matra Cup"]
[Site "Gyongyos"]
[Date "2002.03.29"]
[Round "4"]
[White "Juhasz, Bela"]
[Black "Varga, Karoly"]
[Result "0-1"]
[WhiteElo "2333"]
[BlackElo "2180"]
[PlyCount "60"]
[EventDate "2002.03.28"]
[EventType "swiss"]
[EventRounds "7"]
[EventCountry "HUN"]
[SourceTitle "EXT 2004"]
[Source "ChessBase"]
[SourceDate "2003.11.25"]
[SourceVersion "1"]
[SourceVersionDate "2003.11.25"]
[SourceQuality "1"]

1. d4 d5 2. Nf3 Nf6 3. c4 c6 4. Nc3 e6 5. e3 Bd6 6. Qc2 0-0 7. Be2 Nbd7 8. 0-0 Qe7 9. b3 b6 10. Bb2 Bb7 11. e4 dxe4 12. Nxe4 Nxe4 13. Qxe4 Nf6 14. Qh4 Nd7 15. Qh3 c5 16. Rfe1 cxd4 17. Nxd4 g6 18. Rad1 Bb4 19. Bc3 Bxc3 20. Qxc3 a6 21. Bf3 Nc5 22. b4 Na4 23. Qb3 Bxf3 24. Nxf3 b5 25. Ne5 Nb6 26. c5 Nd5 27. Nxg6 hxg6 28. Rxd5 a5 29. a3 axb4 30. axb4 exd5 0-1

[Event "HUN-chT2 0102"]
[Site "Hungary"]
[Date "2002.01.27"]
[Round "6"]
[White "Varga, Karoly"]
[Black "Szidon, Peter"]
[Result "1/2-1/2"]
[WhiteElo "2180"]
[BlackElo "2193"]
[PlyCount "131"]
[EventDate "2001.??.??"]
[EventType "team"]
[EventRounds "11"]
[EventCountry "HUN"]
[SourceTitle "EXT 2004"]
[Source "ChessBase"]
[SourceDate "2003.11.25"]
[SourceVersion "1"]
[SourceVersionDate "2003.11.25"]
[SourceQuality "1"]

1. c4 e5 2. Nc3 d6 3. e4 c6 4. g3 Be7 5. Bg2 h5 6. h4 Nf6 7. d4 Ng4 8. d5 Nd7 9. f3 Ngf6 10. Be3 0-0 11. Nh3 Nb6 12. b3 Nh7 13. Qd2 a5 14. a4 cxd5 15. Bxb6 Qxb6 16. Nxd5 Qd8 17. 0-0-0 Ra6 18. Kb2 Be6 19. f4 Bxd5 20. exd5 Bf6 21. f5 Qd7 22. Be4 Bd8 23. Nf2 Bb6 24. Rdf1 Nf6 25. Qe2 Bd4+ 26. Ka2 Qc8 27. Bd3 Qc5 28. Ne4 Nxe4 29. Bxe4 Qb4 30. Rf3 Bc5 31. Rd3 Qa3+ 32. Kb1 Bd4 33. Qa2 Qb4 34. Kc2 Rc8 35. Kd1 Rb6 36. Ke2 f6 37. Kf1 Kf7 38. Qe2 Rh8 39. g4 hxg4 40. Qxg4 Qa3 41. Qg3 Qc1+ 42. Kg2 Qh6 43. Rh2 Bc5 44. Kh3 Qf4 45. Rg2 Qxg3+ 46. Rdxg3 Rh7 47. Bc2 Ra6 48. Bd1 Ba3 49. Bh5+ Kf8 50. Be2 Ra7 51. h5 b6 52. Rg1 Bb4 53. Rd1 Bc5 54. Kg2 Kf7 55. Rh1 Rh6 56. Kf3 Ra8 57. Rh2 Rg8 58. Ke4 Bb4 59. Kd3 Bc5 60. Rg6 Bb4 61. Rhg2 Bc5 62. Rxh6 gxh6 63. Rg6 Rxg6 64. fxg6+ Kg7 65. Ke4 Bd4 66. Kf5 1/2-1/2

[Event "HUN-chT2 0102"]
[Site "Hungary"]
[Date "2002.01.13"]
[Round "5"]
[White "Palvolgyi, Istvan"]
[Black "Varga, Karoly"]
[Result "1/2-1/2"]
[WhiteElo "2217"]
[BlackElo "2180"]
[PlyCount "21"]
[EventDate "2001.??.??"]
[EventType "team"]
[EventRounds "11"]
[EventCountry "HUN"]
[SourceTitle "EXT 2004"]
[Source "ChessBase"]
[SourceDate "2003.11.25"]
[SourceVersion "1"]
[SourceVersionDate "2003.11.25"]
[SourceQuality "1"]

1. e4 g6 2. d4 Bg7 3. Nc3 d6 4. Be3 Nf6 5. f4 0-0 6. Nf3 Bg4 7. Qd2 c6 8. 0-0-0 b5 9. Kb1 b4 10. Ne2 Nxe4 11. Qxb4 1/2-1/2

[Event "HUN-chT2 0102"]
[Site "Hungary"]
[Date "2001.11.18"]
[Round "3"]
[White "Bordos, Janos"]
[Black "Varga, Karoly"]
[Result "1-0"]
[WhiteElo "2049"]
[BlackElo "2180"]
[PlyCount "41"]
[EventDate "2001.??.??"]
[EventType "team"]
[EventRounds "11"]
[EventCountry "HUN"]
[SourceTitle "EXT 2004"]
[Source "ChessBase"]
[SourceDate "2003.11.25"]
[SourceVersion "1"]
[SourceVersionDate "2003.11.25"]
[SourceQuality "1"]

1. e4 g6 2. d4 Bg7 3. Be3 d6 4. Nc3 Nd7 5. Qd2 e5 6. 0-0-0 c6 7. Kb1 Ne7 8. Bh6 0-0 9. h4 f5 10. Bc4+ d5 11. exd5 Nb6 12. Bb3 Nexd5 13. Nxd5 cxd5 14. dxe5 Be6 15. Bxg7 Kxg7 16. Nf3 Qd7 17. h5 f4 18. Ng5 Rad8 19. hxg6 h6 20. Nh7 Rf5 21. g4 1-0